Negotiation : (Record no. 101961)
[ view plain ]
| 000 -LEADER | |
|---|---|
| fixed length control field | 00938nam a22002537a 4500 |
| 005 - DATE AND TIME OF LATEST TRANSACTION | |
| control field | 20230310140413.0 |
| 010 ## - LCCN (DPL NO) | |
| LC control number | 1617EN ENG-136265 |
| 020 ## - INTERNATIONAL STANDARD BOOK NUMBER | |
| Terms of availability | 715.00 |
| International Standard Book Number | 9789352602117 |
| 020 ## - INTERNATIONAL STANDARD BOOK NUMBER | |
| Terms of availability | 715.00 |
| International Standard Book Number | 9352602110 |
| 035 ## - SYSTEM CONTROL NUMBER | |
| System control number | B-654032-034 EN-119797 |
| 037 ## - SOURCE OF ACQUISITION | |
| Source of stock number/acquisition | ABC |
| Stock number | dpl |
| 082 ## - DEWEY DECIMAL CLASSIFICATION NUMBER | |
| Classification number | 658.4052 |
| 100 ## - MAIN ENTRY--PERSONAL NAME | |
| Personal name | Lewicki, Roy J. |
| 245 ## - TITLE STATEMENT | |
| Title | Negotiation : |
| Statement of responsibility, etc | by Roy J. Lewicki, David M. Saunders [and] Bruce Barry |
| Remainder of title | readings, exercises and cases / |
| 250 ## - EDITION STATEMENT | |
| Edition statement | 6th ed |
| 260 ## - PUBLICATION, DISTRIBUTION, ETC. (IMPRINT) | |
| Place of publication, distribution, etc | Noida |
| Name of publisher, distributor, etc | McGraw Hill Education |
| Date of publication, distribution, etc | 2016 |
| 270 ## - ADDRESS | |
| Address | B-4, Sector - 63, Gautam Budh Nagar, |
| City | Noida (UP) |
| Postal code | 201301 |
| 300 ## - PHYSICAL DESCRIPTION | |
| Extent | x,708p. |
| Dimensions | 24cm(pbk) |
| 500 ## - GENERAL NOTE | |
| General note | Includes index |
| 700 ## - ADDED ENTRY--PERSONAL NAME | |
| Personal name | Saunders, David M. |
| 700 ## - ADDED ENTRY--PERSONAL NAME | |
| Personal name | Barry, Bruce |
| 942 ## - ADDED ENTRY ELEMENTS (KOHA) | |
| Source of classification or shelving scheme | Dewey Decimal Classification |
| Item type | English Books |
| Call number suffix | LEW |
| Classification part | 658.4052 |
| Withdrawn status | Lost status | Not for loan | Collection code | Home library | Current library | Date acquired | Source of acquisition | Cost, normal purchase price | Full call number | Barcode | Copy number | Cost, replacement price | Koha item type |
|---|---|---|---|---|---|---|---|---|---|---|---|---|---|
| Non-fiction | Central Library | Central Library | 15/02/2017 | BPPD/EN/2016-17/286/24.11.2016/4996/3.12.2016/4.1.2017 | 715.00 | 658.4052 LEW | B-654032 | 1 | 715.00 | English Books | |||
| Non-fiction | Katevara | Katevara | 28/02/2023 | DBAD/PUB | 715.00 | 658.4052 LEW | EN-119797 | 1 | 715.00 | English Books | |||
| Non-fiction | Patel Nagar | Patel Nagar | 15/02/2017 | BPPD/EN/2016-17/286/24.11.2016/4996/3.12.2016/4.1.2017 | 715.00 | 658.4052 LEW | B-654033 | 1 | 715.00 | English Books | |||
| Non-fiction | Sarojini Nagar | Sarojini Nagar | 15/02/2017 | BPPD/EN/2016-17/286/24.11.2016/4996/3.12.2016/4.1.2017 | 715.00 | 658.4052 LEW | B-654034 | 1 | 715.00 | English Books |
